| 000 | 01236nam a22004097a 4500 | ||
|---|---|---|---|
| 001 | 0062583 | ||
| 003 | KOHA_MİRAKIL | ||
| 005 | 20260207004413.0 | ||
| 007 | ta | ||
| 008 | 180809b2006 tu |||gr||||#0|||1|tur | | ||
| 020 | _a9759920654 | ||
| 040 |
_aTR-BiSEU _btur _cTR-BiSEU _erda |
||
| 041 | 0 | _atur | |
| 044 | _ctu | ||
| 050 |
_aP54.69.Y87 _bK88 2006 |
||
| 100 | 0 | _aYusuf Has Hacib. | |
| 245 | 1 |
_aMutluluk bilgisi (Kutadgu Bilig)/ _cYusuf Has Hacib ; Yusuf Has Hacib; yayına hazırlayan Hayati Develi. |
|
| 264 | 1 |
_aİstanbul : _bAlkım Yayınevi _c2006 |
|
| 300 | _a159 sayfa; 21 cm. | ||
| 336 |
_ametin _btxt _2rdacontent |
||
| 337 |
_aaracısız _bn _2rdamedia |
||
| 338 |
_acilt _bnc _2rdacarrier |
||
| 490 | 1 |
_aAlkım ; _v170. |
|
| 490 | 1 |
_aEdebiyat ; _v84. |
|
| 490 | 1 |
_aAnlatı ; _v4 |
|
| 650 | 0 |
_aUygur dili--Metinler. _922814 |
|
| 650 | 0 |
_aUighur language--Texts. _922817 |
|
| 650 | 0 |
_aUygur dili--Yazı. _922815 |
|
| 650 | 0 |
_aUighur language--Writing. _922818 |
|
| 650 | 0 |
_aUygur (Türk halkı). _922816 |
|
| 650 | 0 |
_aUighur (Turkic people). _922819 |
|
| 830 | 1 |
_aAlkım ; _v170. _98425 |
|
| 830 | 1 |
_aEdebiyat ; _v84. _95879 |
|
| 830 | 1 |
_aAnlatı ; _v4 _932342 |
|
| 907 | _aEdebiyat | ||
| 942 |
_2lcc _cBK |
||
| 999 |
_c62379 _d62379 |
||